Statistics for U.S. States with the Largest Greek Populations

Click here to take the quiz!

General Stats

  • This quiz has been taken 130 times
  • The average score is 8 of 10

Answer Stats

RankGreek PopulationState% Correct
1159,763New York
100%
2125,284California
96%
576,908Florida
94%
395,064Illinois
82%
661,510New Jersey
77%
756,911Pennsylvania
75%
853,547Ohio
74%
944,214Michigan
72%
478,176Massachusetts
68%
1032,319Indiana
57%

Score Distribution

Percentile by Number Answered

Percent of People with Each Score

Your Score History

You have not taken this quiz